| 000 | 00943nac a22003257a 4500 | ||
|---|---|---|---|
| 001 | BR7800615 | ||
| 003 | BR-BrBNA | ||
| 005 | 20240105114207.0 | ||
| 008 | 230509b bl.|||m| |||| 00| 0 por d | ||
| 040 |
_aBR-BrBNA _bpor _cBiblioteca Nacional de Agricultura |
||
| 072 | _aF28 | ||
| 090 | _aF28 BR7800615 | ||
| 100 | 1 | _aMondardo, A. | |
| 100 | 1 | _aHenklain, J.C. | |
| 100 | 1 | _aFarias, G.S. de | |
| 100 | 1 | _aRufino, R.L. | |
| 100 | 1 | _aJucksch, I. | |
| 100 | 1 | _aVieira, M.J. | |
| 110 | 1 | _aFundacao Instituto Agronomico do Parana, Londrina (Brasil) | |
| 245 | 1 | _aControle de erosao no Parana | |
| 260 | 3 |
_aLondria, PR (Brasil): _c1977. |
|
| 300 | _a70 p. | ||
| 490 |
_aCircular - Fundacao Instituto Agronomico do Parana (Brazil) _vno. 3 _x |
||
| 500 | _a14 ref. | ||
| 650 | _aEROSAO DO SOLO | ||
| 650 | _aCONSERVACAO DO SOLO | ||
| 650 | _aPARANA | ||
| 909 |
_a202312 _bLúcia Elande _c55 _dLúcia Elande |
||
| 942 |
_2AGRIS _n0 _cMS |
||
| 999 |
_c267926 _d267926 |
||